<?xml version="1.0" encoding="UTF-8"?><?xml-stylesheet type="text/xsl" href="static/style.xsl"?><OAI-PMH xmlns="http://www.openarchives.org/OAI/2.0/" xmlns:xsi="http://www.w3.org/2001/XMLSchema-instance" xsi:schemaLocation="http://www.openarchives.org/OAI/2.0/ http://www.openarchives.org/OAI/2.0/OAI-PMH.xsd"><responseDate>2026-06-05T15:46:36Z</responseDate><request verb="GetRecord" identifier="oai:riuma.uma.es:10630/41088" metadataPrefix="marc">https://riuma.uma.es/rest/oai/request</request><GetRecord><record><header><identifier>oai:riuma.uma.es:10630/41088</identifier><datestamp>2026-02-03T10:22:45Z</datestamp><setSpec>com_10630_1685</setSpec><setSpec>col_10630_38055</setSpec></header><metadata><record xmlns="http://www.loc.gov/MARC21/slim" xmlns:dcterms="http://purl.org/dc/terms/" xmlns:doc="http://www.lyncode.com/xoai" xmlns:xsi="http://www.w3.org/2001/XMLSchema-instance" xsi:schemaLocation="http://www.loc.gov/MARC21/slim http://www.loc.gov/standards/marcxml/schema/MARC21slim.xsd">
   <leader>00925njm 22002777a 4500</leader>
   <datafield ind2=" " ind1=" " tag="042">
      <subfield code="a">dc</subfield>
   </datafield>
   <datafield ind2=" " ind1=" " tag="720">
      <subfield code="a">Sequera Montes, Jesús</subfield>
      <subfield code="e">author</subfield>
   </datafield>
   <datafield ind2=" " ind1=" " tag="260">
      <subfield code="c">2025-06</subfield>
   </datafield>
   <datafield ind2=" " ind1=" " tag="520">
      <subfield code="a">Los ciclos de absorción de triple efecto representan una alternativa energética eficiente y sostenible frente a la refrigeración convencional, especialmente cuando se combinan con fuentes renovables como la energía solar térmica. Este trabajo desarrolla un modelo termodinámico detallado de un ciclo de absorción de triple efecto alimentado directamente por un concentrador cilindro parabólico (CCP), evaluando su&#xd;
rendimiento en aplicaciones de refrigeración y climatización industrial.&#xd;
El modelo se implementa en el software Engineering Equation Solver (EES), donde inicialmente se definen condiciones aproximadas para los intercambiadores de calor. Posteriormente, se mejora la precisión del ciclo calculando el coeficiente universal de transferencia de calor (UA) de cada intercambiador, sustituyendo valores supuestos por cálculos más realistas.&#xd;
Paralelamente, se realiza un estudio termodinámico y óptico del CCP, centrado en variables geométricas, como el diámetro interior del tubo absorbedor, afectan las pérdidas térmicas, el factor de interceptación y la eficiencia del colector. Este análisis permite identificar configuraciones óptimas del CCP que maximicen la captación solar y mejoren la transferencia térmica hacia el ciclo.&#xd;
Se evalúa el sistema bajo diferentes combinaciones de temperaturas de evaporación y condensación, analizando indicadores clave como el coeficiente de rendimiento (COP) y la eficiencia exergética. Los resultados evidencian que la integración adecuada del CCP con el ciclo de absorción es crucial para optimizar el rendimiento global y promover el uso eficiente de la energía solar en aplicaciones industriales.</subfield>
   </datafield>
   <datafield ind1="8" ind2=" " tag="024">
      <subfield code="a">https://hdl.handle.net/10630/41088</subfield>
   </datafield>
   <datafield tag="653" ind2=" " ind1=" ">
      <subfield code="a">Absorción - Trabajos fin de grado</subfield>
   </datafield>
   <datafield tag="653" ind2=" " ind1=" ">
      <subfield code="a">Mecánica de fluidos - Trabajos fin de grado</subfield>
   </datafield>
   <datafield ind2="0" ind1="0" tag="245">
      <subfield code="a">Modelado y optimización de un ciclo de absorción de triple efecto activado por un colector cilindro parabólico</subfield>
   </datafield>
</record>
</metadata></record></GetRecord></OAI-PMH>